Environmentálny marketing v kontexte spoločensky zodpovedného podnikania
Kritika marketingu a úloha marketingového manažmentu. Stratégia trvalej udržateľnosti a ekologické odlíšenie produktov od produktov konkurencie. Spoločenská koncepcia marketingu. Spoločensky zodpovedné podnikanie. Firemná filantropia a spoločenská zodpovednosť firmy. Environmentálny - zelený marketi...
Gespeichert in:
| 1. Verfasser: | |
|---|---|
| Format: | Buchkapitel |
| Sprache: | Slowakisch |
| Schlagworte: | |
| Tags: |
Keine Tags, Fügen Sie das erste Tag hinzu!
|
MARC
| LEADER | 00000nla$a2200000$$$4500 | ||
|---|---|---|---|
| 001 | 0093351 | ||
| 005 | 20240614121447.6 | ||
| 041 | 0 | |a slo | |
| 044 | |a SK | ||
| 245 | 1 | 0 | |a Environmentálny marketing v kontexte spoločensky zodpovedného podnikania |c Jana Nimrichterová |
| 520 | |a Kritika marketingu a úloha marketingového manažmentu. Stratégia trvalej udržateľnosti a ekologické odlíšenie produktov od produktov konkurencie. Spoločenská koncepcia marketingu. Spoločensky zodpovedné podnikanie. Firemná filantropia a spoločenská zodpovednosť firmy. Environmentálny - zelený marketing. | ||
| 610 | 2 | 0 | |a marketing |
| 610 | 2 | 0 | |a marketing manažment |
| 610 | 2 | 0 | |a ekológia |
| 610 | 2 | 0 | |a ochrana prostredia životného |
| 610 | 2 | 0 | |a firmy |
| 610 | 2 | 0 | |a zodpovednosť spoločenská |
| 100 | 1 | |a Nimrichterová, Jana | |